[Event "Polgar Challenge 2021"]
[Site "Online"]
[Date "2021.04.04"]
[Round "8.4"]
[White "Murzin, Volodar"]
[Black "Gukesh D"]
[Result "0-1"]
[WhiteElo "2478"]
[BlackElo "2578"]
[Annotator "ChessBase"]
[PlyCount "122"]
[EventDate "2021.04.08"]
[EventType "tourn"]
[EventCountry "NET"]
[SourceTitle "playchess.com"]
[Source "ChessBase"]
[SourceQuality "1"]
[TimeControl "600+5"]

1. e4 {[%emt 0:00:00]} e5 {[%emt 0:00:00]} 2. Nf3 {[%emt 0:00:00]} Nc6 {[%emt 0:00:00]} 3. Bb5 {[%emt 0:00:02]} a6 {[%emt 0:00:00]} 4. Ba4 {[%emt 0:00:02]} Bc5 {[%emt 0:00:00]} 5. O-O {[%emt 0:00:05]} Nge7 {[%emt 0:00:05]} 6. Nxe5 {[%emt 0:01:02]} Nxe5 {[%emt 0:00:03]} 7. d4 {[%emt 0:00:03]} b5 {[%emt 0:00:02]} 8. Bb3 {[%emt 0:00:01]} Bxd4 {[%emt 0:00:05]} 9. Qxd4 {[%emt 0:00:03]} d6 {[%emt 0:00:02]} 10. Qe3 {[%emt 0:00:25]} c5 {[%emt 0:01:15]} 11. c3 {[%emt 0:00:15]} Be6 {[%emt 0:01:11]} 12. Bc2 {[%emt 0:00:17]} O-O {[%emt 0:00:43]} 13. Nd2 {[%emt 0:01:21]} f5 {[%emt 0:00:23]} 14. f4 {[%emt 0:00:16]} N5g6 {[%emt 0:01:36]} 15. Nf3 {[%emt 0:00:24]} fxe4 {[%emt 0:00:55]} 16. Bxe4 {[%emt 0:00:05]} Nd5 {[%emt 0:00:14]} 17. Qe1 {[%emt 0:00:44]} Ngxf4 {[%emt 0:01:46]} 18. Bxf4 {[%emt 0:02:05]} Nxf4 {[%emt 0:00:01]} 19. Bxa8 {[%emt 0:00:06]} Qxa8 {[%emt 0:00:05]} 20. Qd2 {[%emt 0:00:51]} Bc4 {[%emt 0:01:18]} 21. Qxd6 {[%emt 0:00:37]} Rf6 {[%emt 0:00:45]} 22. Qd2 {[%emt 0:00:18]} Bxf1 {[%emt 0:00:25]} 23. Rxf1 {[%emt 0:00:03]} Qf8 {[%emt 0:00:05]} 24. Kh1 {[%emt 0:01:13]} c4 {[%emt 0:00:15]} 25. b3 {[%emt 0:00:26]} Nd3 {[%emt 0:00:11]} 26. bxc4 {[%emt 0:00:07]} bxc4 {[%emt 0:00:02]} 27. Qe3 {[%emt 0:00:09]} h6 {[%emt 0:00:12]} 28. h3 {[%emt 0:00:24]} Qf7 {[%emt 0:00:09]} 29. Qd4 {[%emt 0:00:27]} Rf4 {[%emt 0:00:11]} 30. Qd6 {[%emt 0:00:11]} Rf6 {[%emt 0:00:08]} 31. Qd4 {[%emt 0:00:02]} Qe6 {[%emt 0:00:04]} 32. Qd8+ {[%emt 0:00:26]} Kh7 {[%emt 0:00:04]} 33. Qd4 {[%emt 0:00:03]} Qe2 {[%emt 0:00:03]} 34. Kg1 {[%emt 0:00:07]} Rf4 {[%emt 0:00:17]} 35. Qd5 {[%emt 0:00:06]} Qe3+ {[%emt 0:00:02]} 36. Kh2 {[%emt 0:00:03]} Ne5 {[%emt 0:00:08]} 37. Qb7 {[%emt 0:00:06]} Qxc3 {[%emt 0:00:05]} 38. Nxe5 {[%emt 0:00:07]} Qxe5 {[%emt 0:00:09]} 39. Rxf4 {[%emt 0:00:01]} Qxf4+ {[%emt 0:00:01]} 40. Kh1 {[%emt 0:00:01]} Qc1+ {[%emt 0:00:01]} 41. Kh2 {[%emt 0:00:02]} Qf4+ {[%emt 0:00:02]} 42. Kh1 {[%emt 0:00:01]} c3 {[%emt 0:00:10]} 43. Qc6 {[%emt 0:00:05]} Qc1+ {[%emt 0:00:06]} 44. Kh2 {[%emt 0:00:01]} Qf4+ {[%emt 0:00:01]} 45. Kh1 {[%emt 0:00:01]} Qe5 {[%emt 0:00:03]} 46. Qc4 {[%emt 0:00:08]} Qe1+ {[%emt 0:00:06]} 47. Kh2 {[%emt 0:00:01]} Qe5+ {[%emt 0:00:01]} 48. Kh1 {[%emt 0:00:01]} a5 {[%emt 0:00:12]} 49. Qd3+ {[%emt 0:00:13]} Kg8 {[%emt 0:00:01]} 50. Qd8+ {[%emt 0:00:04]} Kf7 {[%emt 0:00:02]} 51. Qd7+ {[%emt 0:00:01]} Kf6 {[%emt 0:00:00]} 52. Qc6+ {[%emt 0:00:04]} Kg5 {[%emt 0:00:03]} 53. Qc4 {[%emt 0:00:02]} Qe1+ {[%emt 0:00:03]} 54. Kh2 {[%emt 0:00:01]} Qe5+ {[%emt 0:00:01]} 55. Kh1 {[%emt 0:00:01]} h5 {[%emt 0:00:01]} 56. a4 {[%emt 0:00:04]} g6 {[%emt 0:00:16]} 57. Qc6 {[%emt 0:00:33]} Qe1+ {[%emt 0:00:04]} 58. Kh2 {[%emt 0:00:01]} Qe5+ {[%emt 0:00:00]} 59. Kh1 {[%emt 0:00:02]} Qe3 {[%emt 0:00:15]} 60. Qc7 {[%emt 0:00:21]} Qc1+ {[%emt 0:00:03]} 61. Kh2 {[%emt 0:00:04]} Qf4+ {[%emt 0:00:00]} 0-1

[Event "Polgar Challenge 2021"]
[Site "Online"]
[Date "2021.04.04"]
[Round "8.5"]
[White "Mammadzada, Gunay"]
[Black "Bjerre, Jonas Buhl"]
[Result "1/2-1/2"]
[WhiteElo "2443"]
[BlackElo "2550"]
[Annotator "ChessBase"]
[PlyCount "199"]
[EventDate "2021.04.08"]
[EventType "tourn"]
[EventCountry "NET"]
[SourceTitle "playchess.com"]
[Source "ChessBase"]
[SourceQuality "1"]
[TimeControl "600+5"]

1. e4 {[%emt 0:00:00]} c5 {[%emt 0:00:00]} 2. Nf3 {[%emt 0:00:00]} d6 {[%emt 0:00:00]} 3. d4 {[%emt 0:00:00]} cxd4 {[%emt 0:00:00]} 4. Nxd4 {[%emt 0:00:00]} Nf6 {[%emt 0:00:00]} 5. Nc3 {[%emt 0:00:00]} a6 {[%emt 0:00:00]} 6. Be3 {[%emt 0:00:00]} e5 {[%emt 0:00:01]} 7. Nb3 {[%emt 0:00:02]} Be7 {[%emt 0:00:01]} 8. Qd2 {[%emt 0:00:07]} Ng4 {[%emt 0:00:02]} 9. g3 {[%emt 0:00:05]} Be6 {[%emt 0:00:16]} 10. O-O-O {[%emt 0:00:06]} Nxe3 {[%emt 0:00:06]} 11. Qxe3 {[%emt 0:00:08]} Nd7 {[%emt 0:00:03]} 12. f4 {[%emt 0:00:11]} b5 {[%emt 0:00:08]} 13. Kb1 {[%emt 0:02:20]} Qb6 {[%emt 0:00:03]} 14. Qxb6 {[%emt 0:00:49]} Nxb6 {[%emt 0:00:04]} 15. Na5 {[%emt 0:00:01]} Rc8 {[%emt 0:02:08]} 16. Nb7 {[%emt 0:01:12]} Rc6 {[%emt 0:02:34]} 17. Nxb5 {[%emt 0:00:29]} O-O {[%emt 0:01:08]} 18. N5xd6 {[%emt 0:01:50]} Na4 {[%emt 0:00:09]} 19. f5 {[%emt 0:01:56]} Rb6 {[%emt 0:00:37]} 20. Ka1 {[%emt 0:00:11]} Bc8 {[%emt 0:01:24]} 21. Nxc8 {[%emt 0:01:42]} Rxc8 {[%emt 0:00:02]} 22. Rd7 {[%emt 0:00:25]} Kf8 {[%emt 0:02:14]} 23. b3 {[%emt 0:00:16]} Ke8 {[%emt 0:00:33]} 24. Rxe7+ {[%emt 0:00:01]} Kxe7 {[%emt 0:00:03]} 25. Na5 {[%emt 0:00:00]} Nc3 {[%emt 0:00:12]} 26. Bd3 {[%emt 0:00:05]} Nb5 {[%emt 0:00:04]} 27. Nc4 {[%emt 0:00:02]} Rh6 {[%emt 0:00:06]} 28. Nxe5 {[%emt 0:00:04]} Nd4 {[%emt 0:00:01]} 29. Kb2 {[%emt 0:00:09]} a5 {[%emt 0:00:01]} 30. c3 {[%emt 0:00:05]} Nc6 {[%emt 0:00:03]} 31. Nf3 {[%emt 0:00:05]} Rd6 {[%emt 0:00:03]} 32. Bc4 {[%emt 0:00:03]} f6 {[%emt 0:00:04]} 33. Bd5 {[%emt 0:00:05]} Na7 {[%emt 0:00:08]} 34. c4 {[%emt 0:00:03]} Nc6 {[%emt 0:00:01]} 35. a3 {[%emt 0:00:01]} Rb8 {[%emt 0:00:02]} 36. Kc3 {[%emt 0:00:05]} Nd8 {[%emt 0:00:02]} 37. b4 {[%emt 0:00:02]} axb4+ {[%emt 0:00:03]} 38. axb4 {[%emt 0:00:00]} Ra6 {[%emt 0:00:00]} 39. Nd4 {[%emt 0:00:21]} Ra3+ {[%emt 0:00:07]} 40. Nb3 {[%emt 0:00:01]} Nb7 {[%emt 0:00:05]} 41. Kb2 {[%emt 0:00:04]} Ra4 {[%emt 0:00:02]} 42. Kc3 {[%emt 0:00:16]} Nd6 {[%emt 0:00:06]} 43. b5 {[%emt 0:00:01]} Rc8 {[%emt 0:00:02]} 44. Nd2 {[%emt 0:00:06]} Ra2 {[%emt 0:00:09]} 45. Rd1 {[%emt 0:00:07]} Ra3+ {[%emt 0:00:23]} 46. Kb4 {[%emt 0:00:02]} Rd3 {[%emt 0:00:02]} 47. b6 {[%emt 0:00:09]} Rd4 {[%emt 0:00:11]} 48. Ka5 {[%emt 0:00:06]} Rc5+ {[%emt 0:00:16]} 49. Kb4 {[%emt 0:00:04]} Rc8 {[%emt 0:00:01]} 50. Kc3 {[%emt 0:00:06]} Nb5+ {[%emt 0:00:02]} 51. Kb3 {[%emt 0:00:01]} Nd6 {[%emt 0:00:01]} 52. Kc2 {[%emt 0:00:06]} Nxc4 {[%emt 0:00:15]} 53. Nxc4 {[%emt 0:00:04]} Rcxc4+ {[%emt 0:00:00]} 54. Bxc4 {[%emt 0:00:01]} Rxc4+ {[%emt 0:00:00]} 55. Kd3 {[%emt 0:00:09]} Rb4 {[%emt 0:00:02]} 56. Ra1 {[%emt 0:00:01]} Rxb6 {[%emt 0:00:03]} 57. Ra7+ {[%emt 0:00:07]} Kf8 {[%emt 0:00:01]} 58. Ke3 {[%emt 0:00:04]} Rb2 {[%emt 0:00:05]} 59. h4 {[%emt 0:00:02]} Rb3+ {[%emt 0:00:05]} 60. Kf4 {[%emt 0:00:02]} Rb4 {[%emt 0:00:02]} 61. g4 {[%emt 0:00:01]} h6 {[%emt 0:00:02]} 62. Rc7 {[%emt 0:00:05]} Ra4 {[%emt 0:00:03]} 63. Rc6 {[%emt 0:00:14]} Kf7 {[%emt 0:00:04]} 64. Rc7+ {[%emt 0:00:10]} Kf8 {[%emt 0:00:02]} 65. Rc3 {[%emt 0:00:06]} Kf7 {[%emt 0:00:03]} 66. Re3 {[%emt 0:00:01]} Ra1 {[%emt 0:00:06]} 67. g5 {[%emt 0:00:09]} hxg5+ {[%emt 0:00:19]} 68. hxg5 {[%emt 0:00:01]} Rf1+ {[%emt 0:00:04]} 69. Rf3 {[%emt 0:00:02]} fxg5+ {[%emt 0:00:06]} 70. Kg3 {[%emt 0:00:06]} Re1 {[%emt 0:00:06]} 71. Kg4 {[%emt 0:00:11]} Kf6 {[%emt 0:00:02]} 72. Rf2 {[%emt 0:00:06]} Rxe4+ {[%emt 0:00:01]} 73. Kg3 {[%emt 0:00:00]} Ke5 {[%emt 0:00:12]} 74. Rf1 {[%emt 0:00:06]} Rf4 {[%emt 0:00:05]} 75. Re1+ {[%emt 0:00:04]} Kxf5 {[%emt 0:00:03]} 76. Re7 {[%emt 0:00:00]} Kg6 {[%emt 0:00:03]} 77. Re6+ {[%emt 0:00:02]} Rf6 {[%emt 0:00:07]} 78. Re7 {[%emt 0:00:02]} Rf7 {[%emt 0:00:04]} 79. Re6+ {[%emt 0:00:01]} Kf5 {[%emt 0:00:03]} 80. Rb6 {[%emt 0:00:03]} Re7 {[%emt 0:00:02]} 81. Rb5+ {[%emt 0:00:01]} Re5 {[%emt 0:00:01]} 82. Rb7 {[%emt 0:00:02]} Kg6 {[%emt 0:00:30]} 83. Rb6+ {[%emt 0:00:01]} Kh5 {[%emt 0:00:04]} 84. Rb7 {[%emt 0:00:04]} Kh6 {[%emt 0:00:12]} 85. Rb6+ {[%emt 0:00:02]} g6 {[%emt 0:00:02]} 86. Rb8 {[%emt 0:00:02]} Re3+ {[%emt 0:00:01]} 87. Kg4 {[%emt 0:00:01]} Re4+ {[%emt 0:00:01]} 88. Kg3 {[%emt 0:00:00]} g4 {[%emt 0:00:05]} 89. Rb5 {[%emt 0:00:04]} Ra4 {[%emt 0:00:06]} 90. Rc5 {[%emt 0:00:02]} Rb4 {[%emt 0:00:03]} 91. Ra5 {[%emt 0:00:02]} g5 {[%emt 0:00:03]} 92. Ra8 {[%emt 0:00:04]} Rf4 {[%emt 0:00:08]} 93. Rb8 {[%emt 0:00:06]} Kh5 {[%emt 0:00:02]} 94. Rh8+ {[%emt 0:00:02]} Kg6 {[%emt 0:00:01]} 95. Rg8+ {[%emt 0:00:11]} Kf5 {[%emt 0:00:04]} 96. Rf8+ {[%emt 0:00:02]} Ke4 {[%emt 0:00:03]} 97. Re8+ {[%emt 0:00:01]} Kf5 {[%emt 0:00:08]} 98. Rf8+ {[%emt 0:00:01]} Ke4 {[%emt 0:00:06]} 99. Re8+ {[%emt 0:00:01]} Kf5 {[%emt 0:00:03]} 100. Rf8+ {[%emt 0:00:01]} 1/2-1/2

[Event "Polgar Challenge 2021"]
[Site "Online"]
[Date "2021.04.04"]
[Round "8.6"]
[White "Nihal Sarin"]
[Black "Shuvalova, Polina"]
[Result "1-0"]
[WhiteElo "2620"]
[BlackElo "2476"]
[Annotator "TA"]
[PlyCount "87"]
[EventDate "2021.04.08"]
[EventType "tourn"]
[EventCountry "NET"]
[SourceTitle "playchess.com"]
[Source "ChessBase"]
[SourceQuality "1"]

{[%evp 10,87,4,0,2,0,8,2,20,23,12,14,50,41,46,29,34,32,41,33,71,14,14,15,45,23,23,23,23,23,32,23,23,31,23,24,25,10,43,16,91,0,72,0,0,0,0,0,0,0,0,-3,27,35,208,208,206,190,200,198,91,97,112,97,226,216,568,556,559,506,1051,1026,1213,1208,1370,1299,1436,1402,29967,1356]} 1. Nf3 Nf6 2. c4 e6 3. Nc3 d5 4. e3 Be7 5. b3 O-O 6. Bb2 dxc4 {A13: English Opening: 1...e6.} 7. Bxc4 c5 8. d4 b6 {[#] The position is equal.} 9. d5 $146 ({Predecessor:} 9. O-O Bb7 10. Qe2 Qc7 11. Rfd1 a6 12. a4 Bd6 13. h3 cxd4 14. Nxd4 Rd8 15. Rac1 {½-½ (23) Stoer,N (1589)-Zahn,A (1690) Magdeburg 2010}) 9... exd5 10. Nxd5 {And now Ng5 would win.} Bb7 {[%cal Rf6d5]} 11. Nxe7+ Qxe7 12. O-O Nbd7 13. Qe2 Rad8 14. Rfd1 h6 15. a4 (15. Nh4 $16) 15... Ne4 16. Qc2 Ng5 17. Nxg5 Qxg5 {[%csl Gb7][%cal Rg5g2]} 18. f4 Qe7 19. Qg6 {[%csl Gb2][%cal Rg6g7]} Nf6 20. Bxf6 Qxf6 21. Qxf6 gxf6 22. Kf2 Kg7 23. g4 a6 24. h3 f5 (24... a5 $11) 25. Rac1 (25. gxf5 $16 Rfe8 26. Rg1+ Kf6 27. Rad1) 25... Kf6 (25... a5 $11 {keeps the balance.}) 26. Be2 (26. gxf5 $16 Rg8 27. a5) 26... a5 $11 27. Bd3 fxg4 28. hxg4 Rg8 29. Bc4 Ke7 30. Kg3 (30. Be2 {with more complications.} Bd5 31. Rb1 h5 32. gxh5 Rg2+ 33. Ke1) 30... Bc8 31. Rxd8 Rxd8 {[%mdl 4096] Endgame KRB-KRB} (31... Rxg4+ $14 32. Kf2 Kxd8) 32. Rh1 $18 Rg8 33. Rh4 ({Not} 33. Rxh6 Rxg4+ 34. Kf3 Rg6 $14) 33... Rg6 34. Kf3 Rd6 35. Rh5 Bb7+ 36. Kg3 Bc6 {[#]} (36... Kf8 $16) 37. f5 $1 Rd1 $2 (37... Kf8 {is tougher.} 38. Kf4 Kg7) 38. Rxh6 f6 39. Rh7+ Kd6 (39... Kd8 $142 40. Rf7 Rd6) 40. Rf7 Rg1+ 41. Kf4 Bd7 42. Rxf6+ Ke7 43. Rxb6 Rg2 44. e4 {Weighted Error Value: White=0.12/Black=0.58} (44. f6+ $142 Kd8 45. Kf3 Rg1 46. Rb8+ Kc7 {[#]} 47. f7 $1 {[%mdl 512]} Kxb8 48. f8=Q+ {[%mdl 64] Double Attack} Kb7 49. Qe7) 1-0

[Event "Polgar Challenge 2021"]
[Site "Online"]
[Date "2021.04.04"]
[Round "8.7"]
[White "Badelka, Olga"]
[Black "Yoo, Christopher Woojin"]
[Result "0-1"]
[WhiteElo "2433"]
[BlackElo "2455"]
[Annotator "ChessBase"]
[PlyCount "58"]
[EventDate "2021.04.08"]
[EventType "tourn"]
[EventCountry "NET"]
[SourceTitle "playchess.com"]
[Source "ChessBase"]
[SourceQuality "1"]
[TimeControl "600+5"]

1. d4 {[%emt 0:00:00]} Nf6 {[%emt 0:00:00]} 2. c4 {[%emt 0:00:00]} e6 {[%emt 0:00:00]} 3. Nf3 {[%emt 0:00:00]} d5 {[%emt 0:00:04]} 4. Nc3 {[%emt 0:00:02]} dxc4 {[%emt 0:00:09]} 5. e3 {[%emt 0:00:06]} a6 {[%emt 0:00:03]} 6. a4 {[%emt 0:00:01]} Bb4 {[%emt 0:00:06]} 7. Bxc4 {[%emt 0:00:07]} b6 {[%emt 0:00:03]} 8. O-O {[%emt 0:00:07]} Bb7 {[%emt 0:00:03]} 9. Qe2 {[%emt 0:00:12]} Nbd7 {[%emt 0:00:59]} 10. Rd1 {[%emt 0:00:22]} Qe7 {[%emt 0:01:54]} 11. Bd3 {[%emt 0:03:12]} c5 {[%emt 0:01:32]} 12. Na2 {[%emt 0:00:16]} a5 {[%emt 0:01:36]} 13. Nxb4 {[%emt 0:00:15]} axb4 {[%emt 0:00:02]} 14. e4 {[%emt 0:00:14]} cxd4 {[%emt 0:00:46]} 15. e5 {[%emt 0:00:57]} Nd5 {[%emt 0:00:24]} 16. Bg5 {[%emt 0:00:14]} f6 {[%emt 0:00:35]} 17. exf6 {[%emt 0:00:11]} gxf6 {[%emt 0:00:00]} 18. Bd2 {[%emt 0:00:03]} O-O {[%emt 0:01:10]} 19. Nxd4 {[%emt 0:00:38]} Ne5 {[%emt 0:00:03]} 20. Be4 {[%emt 0:00:20]} Kh8 {[%emt 0:00:24]} 21. f4 {[%emt 0:00:35]} Qc5 {[%emt 0:00:23]} 22. Bxb4 {[%emt 0:01:52]} Nxb4 {[%emt 0:00:59]} 23. Bxb7 {[%emt 0:00:12]} Ned3 {[%emt 0:00:02]} 24. Bxa8 {[%emt 0:01:21]} Qxd4+ {[%emt 0:00:05]} 25. Kf1 {[%emt 0:00:01]} Rxa8 {[%emt 0:00:04]} 26. Ra3 {[%emt 0:00:14]} Qxf4+ {[%emt 0:00:05]} 27. Qf3 {[%emt 0:00:01]} Qxf3+ {[%emt 0:00:01]} 28. gxf3 {[%emt 0:00:00]} Nxb2 {[%emt 0:00:05]} 29. Rd6 {[%emt 0:00:16]} Nc4 {[%emt 0:00:02]} 0-1

[Event "Polgar Challenge 2021"]
[Site "Online"]
[Date "2021.04.04"]
[Round "8.8"]
[White "Lei, Tingjie"]
[Black "Liang, Awonder"]
[Result "0-1"]
[WhiteElo "2505"]
[BlackElo "2592"]
[Annotator "ChessBase"]
[PlyCount "56"]
[EventDate "2021.04.08"]
[EventType "tourn"]
[EventCountry "NET"]
[SourceTitle "playchess.com"]
[Source "ChessBase"]
[SourceQuality "1"]
[TimeControl "600+5"]

1. d4 {[%emt 0:00:00]} Nf6 {[%emt 0:00:00]} 2. c4 {[%emt 0:00:00]} g6 {[%emt 0:00:00]} 3. Nc3 {[%emt 0:00:00]} Bg7 {[%emt 0:00:00]} 4. e4 {[%emt 0:00:01]} d6 {[%emt 0:00:00]} 5. h3 {[%emt 0:00:01]} O-O {[%emt 0:00:01]} 6. Nf3 {[%emt 0:00:01]} e5 {[%emt 0:00:14]} 7. d5 {[%emt 0:00:02]} a5 {[%emt 0:00:11]} 8. Be3 {[%emt 0:00:04]} Na6 {[%emt 0:00:04]} 9. g4 {[%emt 0:00:01]} Nc5 {[%emt 0:00:08]} 10. Nd2 {[%emt 0:00:02]} c6 {[%emt 0:00:01]} 11. Be2 {[%emt 0:00:09]} a4 {[%emt 0:00:04]} 12. Qc2 {[%emt 0:01:53]} Qa5 {[%emt 0:00:17]} 13. f3 {[%emt 0:01:23]} Bd7 {[%emt 0:01:25]} 14. Kf2 {[%emt 0:00:03]} Ne8 {[%emt 0:03:02]} 15. Rag1 {[%emt 0:00:16]} a3 {[%emt 0:00:13]} 16. b3 {[%emt 0:00:05]} Nc7 {[%emt 0:00:07]} 17. h4 {[%emt 0:00:43]} N7a6 {[%emt 0:00:05]} 18. Ndb1 {[%emt 0:00:58]} Nb4 {[%emt 0:00:17]} 19. Qd1 {[%emt 0:00:02]} f5 {[%emt 0:01:31]} 20. gxf5 {[%emt 0:00:05]} gxf5 {[%emt 0:00:00]} 21. Bh6 {[%emt 0:00:27]} Rf7 {[%emt 0:00:02]} 22. Rxg7+ {[%emt 0:02:03]} Rxg7 {[%emt 0:00:01]} 23. Rg1 {[%emt 0:00:09]} Rg6 {[%emt 0:00:29]} 24. h5 {[%emt 0:00:15]} Qb6 {[%emt 0:00:12]} 25. hxg6 {[%emt 0:02:54]} Nxe4+ {[%emt 0:00:04]} 26. Kg2 {[%emt 0:00:01]} Qf2+ {[%emt 0:00:05]} 27. Kh1 {[%emt 0:00:02]} Qh4+ {[%emt 0:00:02]} 28. Kg2 {[%emt 0:00:03]} Qg3+ {[%emt 0:00:01]} 0-1

[Event "Polgar Challenge 2021"]
[Site "Online"]
[Date "2021.04.04"]
[Round "8.10"]
[White "Praggnanandhaa R"]
[Black "Salimova, Nurgyul"]
[Result "1-0"]
[WhiteElo "2608"]
[BlackElo "2397"]
[Annotator "TA"]
[PlyCount "189"]
[EventDate "2021.04.08"]
[EventType "tourn"]
[EventCountry "NET"]
[SourceTitle "playchess.com"]
[Source "ChessBase"]
[SourceQuality "1"]

{[%evp 15,189,27,96,91,88,93,95,84,57,64,87,58,54,47,70,37,42,43,39,29,41,32,51,57,55,51,54,27,35,30,49,45,47,47,85,62,74,57,200,184,237,128,128,122,120,118,125,111,141,134,145,152,252,145,218,215,227,184,233,0,245,226,272,301,281,258,337,326,275,256,202,-554,75,77,83,81,79,38,92,0,315,282,250,74,67,45,147,63,55,56,56,45,42,12,40,0,0,-14,-15,-14,0,0,0,0,0,0,0,0,0,0,0,0,0,0,0,0,0,0,0,0,0,0,0,0,0,0,8,8,8,0,8,8,8,8,8,0,8,8,8,8,8,8,8,0,0,0,8,8,8,8,8,8,63,63,63,63,29965,596,29973,29976,29967,29977,29983,29984,29986,29987,29987,29988,29988,29989,29989,29989,29989,29990,29990,29991]} 1. Nf3 d5 2. g3 Nf6 3. Bg2 c5 4. O-O e6 5. c4 Nc6 6. cxd5 exd5 7. d4 cxd4 8. Nxd4 Bc5 {is now debated instead of 8...Be7.} (8... Be7 $11) 9. Nxc6 $1 $16 {D30: Queen's Gambit Declined: Systems without Nc3.} bxc6 10. Qc2 $1 {[%cal Rc2c5]} Qb6 11. Nc3 $1 {[%cal Rc3a4] White is better.} Be7 12. Be3 Qa6 13. Na4 O-O $1 14. Rac1 {[#]} Bd7 $146 ({Predecessor:} 14... Rb8 15. Qxc6 Qxe2 16. Rfe1 Qh5 17. Bf4 Bd7 18. Qc2 Rbc8 19. Qb3 Bxa4 20. Qxa4 Bc5 {½-½ (34) Pena Canapa,A (1840)-Castro,C (2061) Montevideo 2017}) 15. Nc5 Bxc5 16. Bxc5 Rfe8 17. e3 Ne4 18. Bd4 Rab8 19. b3 Qb7 20. Qb2 f6 21. Rc2 a5 22. Rfc1 Qc7 23. Qa3 Qd8 24. h4 Qc7 25. Bf3 Rb5 26. Kg2 Qb8 ({Black should play} 26... Ra8 $14) 27. Be2 $18 Rb7 (27... Rb4 $142 28. Qxa5 Qb7) 28. Qxa5 (28. Ba6 $1 $18 {[%cal Ra6b7]}) 28... Qd6 $16 29. Bf3 Qe6 30. Qa6 Rbb8 31. Kg1 Qf5 32. Bg2 h5 33. Qe2 Qg6 (33... Red8 $16 34. Qf3 Qg4 35. Qxg4 hxg4 36. Bxe4 dxe4) 34. Qf3 (34. Bf3 $18) 34... Nd6 (34... Ra8 $16 35. a4 Reb8) 35. Qf4 $18 Nf5 36. Bb2 Nh6 37. Bd4 $2 (37. Rd2 $1 $18) 37... Ra8 $2 (37... Nf5 $11) 38. a4 Nf7 39. Rxc6 Bxc6 40. Rxc6 Rad8 41. Rc1 Ne5 {intending ...Nd3.} 42. Rd1 Qc2 43. Bf3 {[%mdl 8192]} (43. Ra1 $18 {and life is good for White.}) 43... Nd3 $2 {[#]} (43... Ng6 $19 44. Bxd5+ Rxd5) 44. Rxd3 $1 $16 Qxd3 45. Bxh5 Re7 46. b4 {[%mdl 1024] White has strong compensation.} Rc8 (46... Qe4 $14) 47. Bf3 ({Better is} 47. Bc5 $16 Re5 48. Bf3) 47... Qc4 $2 {[%mdl 8192]} (47... Rc1+ $11 48. Kh2 Re4 49. Bxe4 dxe4) 48. b5 Rd8 49. b6 $2 (49. Bb6 $18 {and White stays clearly on top.} Qxf4 50. gxf4) 49... Qxa4 50. h5 Qb3 {[#]} ({Black should try} 50... Qc2 $14) 51. h6 (51. Qf5 $1 $16 {And now h6! would win.} Qb5 52. h6) 51... Qb1+ $14 52. Kg2 {Hoping for hxg7.} Qg6 53. hxg7 Kxg7 54. Bc5 Rf7 55. Bd4 Rh8 56. Qg4 (56. g4 {keeps more tension.} Qh7 57. Qg5+ Kf8 58. Qh5 Qxh5 59. gxh5 Rg8+ 60. Kf1) 56... Qxg4 57. Bxg4 Rb8 (57... Re7 {is interesting.} 58. f4 Ra8 59. Kf3 Kg6 60. Bc5 Re4) 58. Be6 Rfb7 59. Bxd5 Rxb6 60. Bxb6 Rxb6 $11 {[%mdl 4096] Endgame KR-KB} 61. Kf3 Rd6 62. Ke4 Rb6 63. Kf4 Rb2 64. f3 Kg6 (64... Rd2 $5 {[%cal Rd2d5]} 65. Be4 Ra2 $11) 65. e4 Re2 66. Be6 Re1 67. Bd7 Re2 68. g4 Re1 69. Be8+ Kg7 70. g5 Rg1 71. gxf6+ Kxf6 72. Bh5 Re1 73. Bg4 Re2 74. Bd7 Re1 75. Bc6 Re2 76. Bd5 Re1 77. Bc4 Ke7 (77... Rd1 {keeps more tension.} 78. e5+ Kg6 79. Be6 Rd4+ 80. Ke3 Rb4) 78. Ke5 Rc1 79. Kd4 (79. Bd5 {looks sharper.} Rc3 80. f4 Ra3 81. Kf5 Rd3 82. Bg8) 79... Rd1+ 80. Bd3 Ke6 81. f4 Re1 82. e5 {With the idea f5+.} Rd1 83. f5+ Kd7 (83... Ke7 $11) 84. Ke4 $14 Re1+ 85. Kf4 Rg1 $2 {[%mdl 8192]} (85... Rd1 $14 86. Bb5+ Ke7) 86. f6 Ra1 87. Bf5+ {White mates.} Ke8 {[#]} 88. e6 $1 Ra7 89. Be4 Kf8 90. Ke5 Ke8 91. Kd6 Kf8 92. e7+ Kf7 93. Bd5+ Kxf6 94. e8=Q Ra6+ 95. Bc6 {Weighted Error Value: White=0.41/Black=0.55} 1-0